[Event "Mechanics' Summer TNM; G/2 d5"]
[Site "San Francisco"]
[Date "2018.06.05"]
[Round "2.17"]
[White "Mendes Da Costa, A."]
[Black "Maser, Thomas F"]
[Result "0-1"]
[WhiteElo "957"]
[BlackElo "1900"]
[Annotator "Winslow,E"]
[PlyCount "62"]
[EventDate "2018.??.??"]
[Source "ChessBase"]
[SourceDate "2007.09.04"]

1. e4 e5 2. Nf3 Nc6 3. Bc4 Nf6 4. Ng5 d5 5. exd5 Na5 6. Bb5+ c6 7. dxc6 bxc6 8.
Ba4 h6 9. Nf3 Qc7 10. d3 Bd6 11. Nc3 O-O 12. Ne4 Nxe4 13. dxe4 Ba6 14. Be3 Rfd8
15. Nd2 Rab8 16. Qg4 Kh8 17. b3 Ba3 18. c4 Bb4 19. Rd1 Rd6 20. O-O Rbd8 21. Nf3
Rxd1 22. Nxe5 Rxf1+ 23. Kxf1 Qxe5 24. Qh4 Qa1+ 25. Ke2 Qe1+ (25... Qd1#) 26.
Kf3 Qd1+ 27. Kg3 Rd6 28. Qf4 Rg6+ 29. Kh4 Be7+ 30. Kh3 Qh5+ 31. Qh4 Qxh4# 0-1

[Event "Mechanics' Walter Shipman TNM G/2 d/5"]
[Site "San Francisco"]
[Date "2018.10.02"]
[Round "9.34"]
[White "Mendes Da Costa, Alex"]
[Black "Thibault, William"]
[Result "0-1"]
[WhiteElo "957"]
[BlackElo "1294"]
[PlyCount "56"]
[EventDate "2018.??.??"]
[Source "ChessBase"]
[SourceDate "2007.09.04"]

1. e4 c6 2. d4 d5 3. Nc3 dxe4 4. Nxe4 Bf5 5. Nc3 e6 6. Nf3 Nf6 7. Be2 Nbd7 8.
O-O Be7 9. Bf4 O-O 10. a3 Nd5 11. Nxd5 cxd5 12. Rc1 Nf6 13. c4 Rc8 14. b4 b6
15. c5 bxc5 16. bxc5 Qa5 17. Qb3 Ne4 18. Qb4 Qd8 19. Qb7 Bg5 20. Nxg5 Nxg5 21.
Qxa7 Nh3+ 22. gxh3 Qh4 23. Bg3 Qxd4 24. Bd6 Ra8 25. Qb7 Rfc8 26. Ra1 Bxh3 27.
Rfd1 Qe4 28. f3 Qxe2 0-1

[Event "Mechanics' Summer TNM; G/2 d/5"]
[Site "San Francisco"]
[Date "2018.06.12"]
[Round "3.39"]
[White "Mendoza, Jonathan"]
[Black "Azimadeh, Farhad"]
[Result "1-0"]
[WhiteElo "1862"]
[BlackElo "1662"]
[Annotator "Donaldson"]
[PlyCount "31"]
[EventDate "2018.??.??"]
[Source "ChessBase"]
[SourceDate "2007.09.04"]

1. d4 d6 2. c4 e6 3. Nc3 Nf6 4. e4 b6 5. Nf3 Bb7 6. Bd3 g6 7. Bg5 Be7 8. Qd2
O-O 9. O-O-O a5 10. h4 h5 11. e5 Bxf3 12. gxf3 Nfd7 13. Bxe7 Qxe7 14. Qh6 dxe5
15. Bxg6 Qf6 (15... fxg6 16. Rhg1 Qh7 17. Rxg6+ Kh8 18. Rdg1 Na6 19. Ne4 exd4
20. Ng5 Qxh6 21. Rxh6+ Kg7 22. Rh7+ Kg6 23. Rxd7 $18) 16. Qh7# 1-0

[Event "Mechanics' Shipman TNM; G/2 d/5"]
[Site "San Francisco"]
[Date "2018.09.11"]
[Round "6.24"]
[White "Mercado, Adam"]
[Black "Baer, Michael Alan"]
[Result "1-0"]
[WhiteElo "1707"]
[BlackElo "1438"]
[PlyCount "41"]
[EventDate "2018.??.??"]
[Source "ChessBase"]
[SourceDate "2007.09.04"]

1. e4 g6 2. d4 Bg7 3. Nf3 d6 4. c4 Nd7 5. Nc3 e5 6. d5 Ngf6 7. h3 O-O 8. Be3 b6
9. Qd2 Nc5 10. Bd3 Nxd3+ 11. Qxd3 Ba6 12. b4 Bc8 13. Qd2 a5 14. b5 Bd7 15. a4
Qc8 16. Ra3 Ne8 17. g4 Nf6 18. Nh4 Qd8 19. Bh6 Qe7 {[#]} 20. Nf5 gxf5 21. Qg5
1-0

[Event "Mechanics' Shipman TNM; G/2 d/5"]
[Site "San Francisco"]
[Date "2018.08.28"]
[Round "4.37"]
[White "Mercado, Adam"]
[Black "Colquhoun, Jeremy"]
[Result "1-0"]
[WhiteElo "1707"]
[BlackElo "917"]
[PlyCount "65"]
[EventDate "2018.??.??"]
[Source "ChessBase"]
[SourceDate "2007.09.04"]

1. e4 e6 2. d4 d5 3. exd5 exd5 4. c4 Nf6 5. Nf3 Bb4+ 6. Nc3 Ne4 7. Qc2 Bf5 8.
Bd3 Qe7 9. O-O Bxc3 10. bxc3 Bg4 11. Bxe4 dxe4 12. Ng5 Bf5 13. a4 g6 14. Qd2 f6
15. Ba3 Qg7 16. Nxe4 Bxe4 17. Rae1 f5 18. f3 Nc6 19. fxe4 O-O-O 20. e5 Na5 21.
Qe2 Qf7 22. e6 Qg7 23. e7 Rde8 24. Bb4 Nc6 25. d5 Nxb4 26. cxb4 Qc3 27. Qe5
Qxc4 {Diagram [#]} 28. Qxh8 $1 Rxh8 29. e8=Q+ Rxe8 30. Rxe8+ Kd7 31. Rfe1 Qxd5
32. R1e7+ Kc6 33. Re6+ {The position is equal, but White won in a few more
moves, which are not available.} 1-0

[Event "Mechanics' Spring TNM; G/2 d5"]
[Site "San Francisco"]
[Date "2018.04.24"]
[Round "6.42"]
[White "Mercado, Adam"]
[Black "James, Charles"]
[Result "1-0"]
[WhiteElo "1810"]
[BlackElo "1381"]
[Annotator "Donaldson"]
[PlyCount "51"]
[EventDate "2018.??.??"]
[Source "ChessBase"]
[SourceDate "2007.09.04"]

1. e4 c5 2. Nf3 d6 3. d4 Nf6 4. Nc3 cxd4 5. Nxd4 a6 6. Bg5 e5 $2 7. Nb3 (7. Nf5
) (7. Bxf6 Qxf6 8. Nd5 Qd8 9. Nf5) 7... Be7 8. Qd2 O-O 9. O-O-O Be6 10. Kb1 Nc6
(10... Nbd7) 11. Bxf6 Bxf6 12. Qxd6 Nd4 13. Qxd8 Rfxd8 14. Nxd4 exd4 15. Ne2
Rac8 16. f4 Bg4 17. h3 Bxe2 18. Bxe2 Bh4 19. Rd3 Bf2 20. g4 Be3 21. f5 f6 22.
Rhd1 Rc5 $4 23. a3 $4 (23. Rxe3) 23... b5 $4 24. Rxe3 Rdc8 25. Rxd4 Rxc2 26.
Rd8+ 1-0

[Event "Mechanics' Shipman TNM; G/2 d/5"]
[Site "San Francisco"]
[Date "2018.09.18"]
[Round "7.13"]
[White "Mercado, Adam"]
[Black "Maser, Thomas F"]
[Result "1-0"]
[WhiteElo "1707"]
[BlackElo "1912"]
[PlyCount "39"]
[EventDate "2018.??.??"]
[Source "ChessBase"]
[SourceDate "2007.09.04"]

1. e4 e5 2. Nf3 Nc6 3. d4 exd4 4. Bc4 Nf6 5. e5 d5 6. Bb5 Ne4 7. Nxd4 Bd7 8.
Bxc6 bxc6 9. Be3 Bc5 10. Nd2 Qe7 11. Nxe4 dxe4 12. e6 Bxe6 13. Nxe6 Bxe3 14.
Nxg7+ Kf8 15. Nf5 Bxf2+ 16. Kxf2 Qf6 17. Qh5 h6 18. Rhf1 e3+ 19. Kg1 Re8 20.
Nxe3 1-0

[Event "Mechanics' Walter Shipman TNM G/2 d/5"]
[Site "San Francisco"]
[Date "2018.10.02"]
[Round "9.11"]
[White "Mercado, Adam"]
[Black "Pham, Tam Phu"]
[Result "0-1"]
[WhiteElo "1707"]
[BlackElo "1539"]
[Annotator "Winslow,Elliott"]
[PlyCount "96"]
[EventDate "2018.??.??"]
[Source "ChessBase"]
[SourceDate "2007.09.04"]

1. e4 c5 2. Nf3 d6 3. d4 cxd4 4. Nxd4 Nf6 5. Nc3 a6 6. Bg5 e6 7. f4 Be7 8. Qf3
Nbd7 9. Bc4 Qb6 10. O-O-O Nc5 11. Bxf6 Bxf6 12. Nb3 Qb4 13. Nxc5 Qxc4 14. N5a4
Qc7 15. Qe3 b5 16. Nb6 Rb8 17. Nxc8 Rxc8 18. Rd2 O-O 19. g4 Bxc3 20. Qxc3 Qxc3
21. bxc3 Rfd8 22. Rhd1 Rc6 23. Kb2 Kf8 24. Rd4 Ke7 25. Kb3 Rdc8 26. R1d3 a5 27.
a3 Rc4 28. g5 R8c6 29. e5 a4+ 30. Kb2 d5 31. Rh3 Kf8 32. Rf3 g6 33. h4 Kg7 34.
Rfd3 Rc8 35. Rxc4 bxc4 36. Rd1 Rb8+ 37. Ka2 Kf8 38. Rb1 Rxb1 39. Kxb1 Ke7 40.
Kc1 Kd7 41. Kd2 Kc6 42. Ke2 Kb5 43. Ke3 Kc5 44. Kf3 d4 45. Ke4 $4 (45. Ke2) (
45. Kf2 dxc3 46. Ke2 Kd4 47. Kf3 $11) 45... dxc3 $19 46. h5 gxh5 47. f5 h4 48.
f6 h3 0-1

[Event "Mechanics' Spring TNM; G/2 d5"]
[Site "San Francisco"]
[Date "2018.04.10"]
[Round "4.36"]
[White "Mercado, Adam"]
[Black "Robertson, Terrance"]
[Result "1/2-1/2"]
[WhiteElo "1810"]
[BlackElo "1483"]
[PlyCount "61"]
[EventDate "2018.??.??"]
[Source "ChessBase"]
[SourceDate "2007.09.04"]

1. e4 e5 2. Nf3 Nf6 3. Nxe5 d6 4. Nf3 Nxe4 5. d4 d5 6. Be2 Be7 7. O-O O-O 8.
Nbd2 Bf5 9. Nxe4 Bxe4 10. Bf4 Bd6 11. Bg3 Bxg3 12. fxg3 Nd7 13. Qd2 h6 14. Rae1
c6 15. Nh4 Nf6 16. Nf5 Bxf5 17. Rxf5 Qd6 18. Bd3 Rae8 19. Rfe5 Qc7 20. Qf4 Rxe5
21. dxe5 Nd7 22. h4 Re8 23. Rf1 Nxe5 24. h5 f6 25. Re1 Qb6+ 26. Kh1 Rf8 27.
Rxe5 fxe5 28. Bh7+ Kxh7 29. Qxf8 Qxb2 30. Qf5+ Kh8 31. Qf8+ 1/2-1/2

[Event "Mechanics' Spring TNM; G/2 d5"]
[Site "San Francisco"]
[Date "2018.05.08"]
[Round "8.22"]
[White "Mercado, Adam"]
[Black "Sherwood, Peter"]
[Result "1-0"]
[WhiteElo "1810"]
[BlackElo "1651"]
[PlyCount "47"]
[EventDate "2018.??.??"]
[Source "ChessBase"]
[SourceDate "2007.09.04"]

1. e4 c5 2. Nf3 d6 3. d4 cxd4 4. Nxd4 Nf6 5. Nc3 a6 6. Bg5 e6 7. f4 Be7 8. Qf3
Qb6 9. O-O-O Nc6 10. Nb3 Bd7 11. h4 Qc7 12. g4 b5 13. Bg2 Rc8 14. Rd2 b4 15.
Ne2 a5 16. Rhd1 a4 17. Na1 O-O 18. Bxf6 gxf6 19. g5 Rfd8 20. gxf6 Bxf6 21. Rg1
Kh8 22. Qh5 Rf8 23. e5 dxe5 $2 (23... Nxe5 24. fxe5 Bxe5 25. Be4 f5 $17) 24.
Be4 1-0

[Event "Mechanics' Bedjanian TNM; G/2 d/5"]
[Site "San Francisco"]
[Date "2018.11.20"]
[Round "5.8"]
[White "Mines, Joshua"]
[Black "Jain, Shaurya"]
[Result "0-1"]
[WhiteElo "1588"]
[BlackElo "2033"]
[PlyCount "62"]
[EventDate "2018.??.??"]
[Source "ChessBase"]
[SourceDate "2007.09.04"]

1. Nf3 Nf6 2. d4 g6 3. Bf4 Bg7 4. h3 O-O 5. e3 d6 6. Nbd2 b6 (6... c5) 7. Be2
Bb7 8. O-O Nbd7 9. c4 Ne4 10. Qc2 Nxd2 11. Qxd2 e5 12. dxe5 Nxe5 13. Nxe5 dxe5
14. Qxd8 Raxd8 15. Bg5 Rd2 16. Rfe1 Rxb2 17. Be7 Re8 18. Ba3 Rc2 19. Bd3 Rc3
20. Bxg6 hxg6 21. Bb2 Rxc4 22. f3 Rc2 23. Rab1 Rd8 24. Rec1 Rdd2 25. Rxc2 Rxc2
26. e4 c5 27. a4 Bc6 28. a5 b5 29. Rc1 Rxb2 30. Rxc5 Be8 31. Rc7 Bh6 0-1

[Event "Mechanics' Winter TNM; G/2 d5"]
[Site "San Francisco"]
[Date "2018.01.30"]
[Round "4.17"]
[White "Mines, Joshua"]
[Black "Steger, Eric"]
[Result "0-1"]
[WhiteElo "1597"]
[BlackElo "1916"]
[PlyCount "97"]
[EventDate "2018.??.??"]
[Source "ChessBase"]
[SourceDate "2007.09.04"]

1. Nf3 Nf6 2. d4 g6 3. Bf4 Bg7 4. h3 d6 5. e3 c6 6. c3 b5 7. Bd3 Bb7 8. O-O O-O
9. Nbd2 Nbd7 10. Re1 Re8 11. e4 e5 12. Bg5 a6 13. Qb3 h6 14. Bh4 Qc7 15. Rac1
g5 16. Bg3 Nh5 17. Bh2 c5 18. dxc5 Nxc5 19. Qc2 Nf4 20. Bf1 Rac8 21. b4 Nce6
22. c4 d5 23. exd5 Bxd5 24. c5 Bb7 25. Ne4 Bxe4 26. Qxe4 f6 27. Red1 Red8 28.
Qf5 Kf7 29. g3 Ng6 30. Bd3 Ne7 31. Qg4 Nd4 32. h4 Nxf3+ 33. Qxf3 Nc6 34. Bf5
Nd4 35. Qh5+ Kf8 36. Bxc8 Qxc8 37. Kg2 Qc6+ 38. Kf1 Qh1+ 39. Bg1 Qh3+ 40. Ke1
Qg2 41. Kd2 Qd5 (41... e4) 42. Ke1 Qxa2 43. c6 Qb3 44. Rxd4 exd4 45. Qg4 d3 46.
Kf1 d2 47. Rd1 Qc4+ 48. Qxc4 bxc4 49. c7 {Black is a pawn up after 49...Rc8 50.
Rxd2 Rxc7, but resignation seems premature.} 0-1

[Event "Mechanics' Bedjanian TNM; G/2 d/5"]
[Site "San Francisco"]
[Date "2018.11.13"]
[Round "4.3"]
[White "Mont-Reynaud, Jordy"]
[Black "Boldi, Ethan"]
[Result "1-0"]
[WhiteElo "2246"]
[BlackElo "2084"]
[Annotator "Winslow,Elliott"]
[PlyCount "87"]
[EventDate "2018.??.??"]
[Source "ChessBase"]
[SourceDate "2007.09.04"]

1. d4 e6 2. c4 d5 3. Nf3 Nf6 4. Nc3 c5 5. Bg5 (5. cxd5 Nxd5 (5... exd5 6. Bg5)
6. e4 (6. e3) 6... Nxc3 7. bxc3 cxd4 8. cxd4 Bb4+ 9. Bd2 Bxd2+ 10. Qxd2 O-O)
5... dxc4 (5... cxd4 6. Qxd4 (6. Nxd4) 6... Be7 (6... Nc6 7. Bxf6 $1 (7. Qh4
Be7 8. O-O-O Qa5 9. e3 Bd7 10. Kb1 h6 11. cxd5 exd5 12. Nd4 O-O 13. Bxf6 Bxf6
14. Qh5 Nxd4 15. exd4 Be6 16. f4 Rac8 {and now} 17. f5 Rxc3 $3 {Pillsbury-Laske
r, 1896 -- one of the greatest combinations ever. (According to Kasparov,
don't take *my* word.)}) 7... gxf6 8. Qh4 dxc4 9. e3 f5 $1) 7. cxd5 exd5 8. e3
Nc6 9. Bb5 O-O 10. Bxc6 (10. Qd2 Be6 11. O-O Qb6 12. Nd4 Nxd4 13. exd4 Kh8 14.
Rfe1 Rac8 15. Bf1 Ng8 16. Bxe7 Nxe7 17. Na4 Qd6 18. Nc5 b6 19. Nxe6 fxe6 20.
Ba6 Rcd8 21. Rac1 Rf6 22. Qc3 Rdf8 23. Qc7 Qxc7 24. Rxc7 Nf5 25. Rd1 R8f7 26.
Rc8+ Rf8 27. f3 Rxc8 28. Bxc8 Kg8 29. Kf2 Kf7 30. Ba6 Ke7 31. Rd3 Kd6 32. f4
Rf7 33. g4 Ne7 34. Kg3 Nc6 35. a3 Rc7 36. Rd2 Na5 37. Bf1 Rc1 38. Bh3 Re1 39.
f5 exf5 40. gxf5 Nc4 41. Rf2 Re3+ 42. Kg2 Ke7 43. a4 Kf6 44. Bg4 Re4 45. h3
Rxd4 46. Kg3 Nd6 {0-1 (46) Showalter,J-Marco,G Paris 1900}) (10. Qa4 Bd7 11.
O-O a6 12. Be2 Be6 13. Nd4 Nxd4 14. Qxd4 h6 15. Bf4 Rc8 16. Rfd1 Bc5 17. Qd3
Qe7 18. Be5 Nd7 19. Bd4 Nb6 20. Bf3 Bxd4 21. Qxd4 Qc5 22. h3 Rfd8 23. Qxc5 Rxc5
24. Rd4 Rd7 25. Rad1 Kf8 26. g4 a5 27. a3 Rc4 28. R4d3 Rc5 29. Bg2 g6 30. Kh2
Ke7 31. Kg3 Kf8 32. Bf3 Ke7 33. Rd4 Kf8 34. R1d3 Rc4 35. b3 Rc5 36. b4 axb4 37.
axb4 Rc4 38. Rxc4 dxc4 39. Rxd7 Bxd7 40. Bxb7 Na4 41. Na2 Be6 42. Kf3 c3 43.
Nc1 Ke7 44. e4 Kd6 45. Ke3 Nb2 46. Kd4 Nd1 47. f4 Kc7 48. Ba6 Kb6 49. Be2 c2
50. f5 Bd7 51. Bc4 Be8 52. Bb3 Nf2 53. Bxc2 Nxh3 54. Nd3 h5 55. gxh5 gxh5 56.
Ne5 Bc6 57. Bd1 {1-0 (57) Xu,Y (2536)-Fang,Y (2477) Beijing 2017}) 10... bxc6
11. O-O Be6 12. Rac1 c5 13. Qd3 Rb8 14. b3 c4 15. Qd1 Ba3 16. Rc2 cxb3 17. axb3
d4 18. Nxd4 Bxb3 19. Qa1 Bxc2 20. Qxa3 Bg6 21. Nc6 Qb6 22. Nxb8 Rxb8 23. Bxf6
Qxf6 24. Qxa7 Rd8 25. Qc7 h6 26. h3 Rd2 27. Qa5 Rc2 28. Nd5 Qe5 29. Qd8+ Kh7
30. Ne7 h5 {1-0 (30) Mamedyarov,S (2722)-Pinter,J (2532) Mainz 2006}) 6. e3 a6
7. a4 Nc6 8. Bxc4 cxd4 9. exd4 Be7 10. O-O O-O 11. Re1 {The main move} ({But} 
11. Qd2 {using the principle of putting pieces you're more sure of where they
want to go on their squares first, has been a bit more successful.} Qa5 12.
Rfd1 {as in Pia Cramling - Dzagnidze, Women's GP sf, Tehran 2016.}) 11... h6 (
11... Nb4) (11... Bd7) (11... b6) 12. Bh4 (12. Bf4) (12. Be3) 12... Qb6 (12...
Bd7 13. Ne5 $5 {Dautov}) (12... Nd5 13. Bxd5 Bxh4 (13... exd5)) (12... Nh5 13.
Bxe7 Nxe7 14. d5 Nxd5 15. Nxd5 exd5 16. Qxd5 Qxd5 17. Bxd5 Nf4 18. Be4 Rb8 19.
Rad1 (19. g3 Ne6 20. Ne5 g5 21. Rad1 Kg7 22. a5 Rd8 23. Bd5 $14 {
1/2-1/2 Kharlov,A-Zoler,D/Berlin 1997/CBM 59 ext (43)}) 19... Ne6 20. Ne5 Nc5
21. Bd5 Nxa4 22. Ng6 $16 {1-0 Eingorn,V-Stempin,P/Uzhgorod 1988/TD (39)}) 13.
Re2 ({Black had a difficult life (Huzman) after} 13. Qd2 Rd8 14. Rad1 Qa5 (
14... Qb4 $5 15. Ba2 $1 (15. Qe2 g5 16. Bg3 g4 17. Ne5 Nxd4 18. Qe3 Nf5 (18...
Nc2 19. Qxh6 Nxe1 20. Qg5+ $11) 19. Rxd8+ Bxd8 20. Qe2 Nxg3 21. hxg3 h5 $13)
15... b5 $140 16. d5 $1 exd5 (16... bxa4 17. Qe2 exd5 18. Bxd5 $1 $16) 17. Nxd5
Nxd5 (17... Qxd2 18. Nxe7+ Nxe7 19. Nxd2 Ng6 20. Bxf6 gxf6 21. Ne4 $16) 18.
Bxd5 Qxd2 19. Rxd2 Bxh4 20. Bxc6 $18) 15. d5 $1 {White was clearly better, but
Â1/2-Â1/2 (34) Sokolov,I (2647)-Anand,V (2752) Prague 2002 CBM 089 [Huzman,A]})
13... Rd8 14. Rd2 Bd7 $146 {[#]} (14... Nd5 15. Bg3 Bb4 16. Rc1 Qa5 17. Rd3 Bd7
18. Ne5 Be8 19. Bxd5 exd5 20. Bf4 Nxe5 21. dxe5 Bxc3 22. bxc3 Qxa4 23. Qg4 Qd7
24. Qh4 Qe6 25. Rg3 Kh7 26. Bg5 f6 27. exf6 Rd7 28. Rh3 h5 29. Rg3 Rc8 30. fxg7
Rxg7 31. Be3 Rxg3 32. hxg3 Bg6 33. Qg5 Bf7 34. Rd1 Rg8 35. Qf4 b5 36. Qf3 {
1/2-1/2 (36) Espinoza Pacheco,A (1989)-Leiva,G (2404) Lima 2017}) 15. d5 $1 {
I used to hate this idea of trading into a pawn-symmetrical situation, but
sometimes one side's pieces are way more active, like here (and Stockfish 9
strongly approves, making this the only way to get any advantage)).} Na5 (15...
Nxd5 16. Bxd5 $1 Bxh4 17. Bxc6) (15... Nb4 {looks to be best, when Stockfish
isn't so sure about its previous +/- evaluation, making it solidly less than a
pawn now.}) 16. Ba2 Be8 17. Rb1 $6 ({Stockfish prefers the believable} 17. Qc2)
({but even better the unbelievable} 17. Re2) 17... Rac8 $2 (17... exd5 18. Bxf6
Bxf6 19. Nxd5 Qd6 $14) 18. b4 $2 (18. dxe6 $1 $18 fxe6 19. Bxf6 Bxf6 (19...
Rxd2 20. Qxd2 Bxf6 21. Nd5 $1 exd5 22. Qxd5+ Kh7 23. Qg8+ Kg6 24. Re1 Qxb2 25.
g4)) 18... Nc4 $11 19. Rd4 (19. Rd3) 19... Nd6 20. Rd3 g5 $2 {
Fanning White's advantage back up.} (20... e5) (20... Nfe4) (20... Nde4) 21. a5
Qa7 $6 (21... Qc7 22. Bg3) 22. Nxg5 $4 (22. Bg3) (22. dxe6 $1 gxh4 23. Qe2 $1 (
23. Nxh4 Rxc3)) 22... hxg5 23. Bxg5 Rxc3 $1 24. Rxc3 Nde4 $19 25. Re3 (25. Bxf6
Qxf2+ 26. Kh1 Qxf6 $19) 25... Nxg5 26. h4 Nge4 $6 (26... Nxd5 $1) (26... Ngh7)
27. Rxe4 Nxe4 28. Qg4+ Ng5 $2 (28... Kf8 29. Qxe4 Bf6 $19 {
Black holds on to a win}) 29. hxg5 e5 $2 {
The extra piece can no longer make itself felt.} (29... Qb8 30. dxe6 (30. g6 $2
f5) 30... Qe5 $11 31. exf7+ Bxf7 32. Bxf7+ Kxf7 33. Qf3+) 30. g6 $1 $16 Kf8 $6
(30... Rd6 31. gxf7+ Kxf7 32. Qh5+ Kf8 33. Qh8+ Kf7 34. Qxe5) 31. g7+ Kg8 32.
Qh5 $2 (32. Qh3 Kxg7 33. Qg3+ Kh7 34. Qxe5 $18) 32... Kxg7 33. Qxe5+ $2 (33. d6
$1 $11 Bf6 34. Rd1 b5 35. axb6 $11 Qxb6 36. d7) 33... Bf6 $19 34. Qg3+ Kf8 35.
Rd1 Qb8 36. d6 Bd7 $4 (36... Qc8 $1 $19 {
...Qc3 or ... Qc2 will be quite the attack neutralizer.}) 37. Qf4 Kg7 (37...
Bf5 $5 38. g4 $1 {is strongest by far} (38. Qxf5 $6 Rxd6 39. Rxd6 Qxd6 40. g3 {
gives Black hope.}) (38. Bb1) (38. g3) (38. Rd2) (38. Rd5) (38. b5)) 38. Rd3 $1
{The last rook lift is the end.} Qc8 $2 (38... Bf5 {
avoids forced mate for a while.} 39. Qxf5 Rxd6 40. Rg3+ Kf8 41. Qh7 Rd1+ 42.
Kh2 Qxg3+ 43. fxg3 Rd7) 39. Rg3+ Kh7 40. Bb1+ Bf5 41. Bxf5+ Qxf5 42. Qxf5+ Kh6
43. Qxf6+ Kh7 44. Qg7# 1-0

[Event "Mechanics' Bedjanian TNM; G/2 d/5"]
[Site "San Francisco"]
[Date "2018.12.04"]
[Round "7.1"]
[White "Mont-Reynaud, Jordy"]
[Black "Chambers, Ezra"]
[Result "1/2-1/2"]
[WhiteElo "2246"]
[BlackElo "2332"]
[Annotator "Winslow,Elliott"]
[PlyCount "104"]
[EventDate "2018.??.??"]
[Source "ChessBase"]
[SourceDate "2007.09.04"]

1. d4 Nf6 2. c4 c5 3. d5 e6 4. Nc3 exd5 5. cxd5 d6 6. e4 g6 7. f3 Bg7 8. Bg5
O-O 9. Qd2 Nbd7 10. Nge2 a6 11. a4 Qa5 (11... h6) (11... Re8) 12. Ng3 (12. Ra3)
12... b5 (12... Re8 13. Be2 (13. Ra3) 13... b5 (13... h5 $5)) 13. Be2 c4 $6 14.
Be3 Rb8 15. O-O Qd8 16. Rfc1 h5 17. Bf1 h4 18. Nge2 h3 19. g3 Ne5 20. Nd4 Bd7
21. Nd1 $2 (21. axb5 axb5 22. Be2) 21... bxa4 {
There was a time when this would leave pawn purists aghast...} (21... Nxf3+ $1
22. Nxf3 Nxe4 23. Qe2 Re8 24. axb5 axb5 25. Nf2) 22. Bxc4 Bb5 (22... Nxf3+ $5
23. Nxf3 Nxe4 24. Qd3 Re8) 23. Bf1 Qb6 24. Qf2 Qb7 $6 (24... Bxf1 25. Qxf1 Bh6
26. Bxh6 Qxd4+ 27. Be3 Qd3 (27... Qb4) 28. Qxd3 Nxd3 29. Rc3 Nxb2 30. Nf2) 25.
Rc3 Rfc8 (25... Neg4 $1 26. fxg4 Nxe4) 26. Rac1 $2 (26. Bxh3) 26... Rxc3 27.
Rxc3 $2 {[#]  After a difficult and hesitant middle game for both sides, Black
finally swings -- and White ducks.} (27. bxc3) 27... Neg4 28. Qd2 (28. fxg4
Nxe4 29. Qc2 Nxc3 30. Nxc3 Bxf1 31. Kxf1 Qxb2) 28... Nxe3 29. Qxe3 Bxf1 30.
Kxf1 Nd7 31. Rc4 Nc5 (31... a3 $1 32. Qxa3 Bxd4 33. Rxd4 Ne5 34. Qe3 Qb5+ 35.
Kf2 a5 {Why White, up a pawn, is lost (according to Stockfish 10), is at this
moment beyond me.}) 32. Nc6 Qb3 $2 (32... Qb5 $1 33. Qe2 Bxb2 (33... Rb7 $17)
34. Nxb2 a3 35. Nd1 Qb1) 33. Qxb3 Rxb3 34. e5 $1 $11 Bf8 35. f4 Rd3 $2 (35...
dxe5 36. Nxe5 a3 37. bxa3 Rxa3) 36. Ke2 $16 a3 $6 (36... Rb3 37. Rxc5 (37. Rc2)
37... dxc5 38. d6 Rb7 39. Na5) 37. bxa3 Rxa3 38. Rxc5 $1 Ra2+ 39. Kd3 dxc5 40.
d6 $18 c4+ 41. Kc3 $1 $18 (41. Kxc4 $4 Rc2+ $19 {
It's either the knight on c6 or the pawn on h2} (41... Rxh2 $4 42. d7 Rc2+ 43.
Kd3 h2 44. d8=Q h1=Q 45. Ne7+ Kg7 46. Kxc2 $11) 42. Nc3 Rxh2 43. d7 Rd2 44. Nd5
Rxd5 45. Kxd5 h2 46. d8=Q h1=Q+ {woops}) 41... Rxh2 42. d7 Rg2 43. d8=Q h2 44.
Ne7+ Kg7 {[#]} 45. Nxg6 $4 (45. Nf5+ $1 gxf5 46. Qg5+ Kh7 47. Qh4+ Kg8 48. Ne3)
45... h1=Q 46. Qxf8+ Kxg6 47. Qg8+ Kf5 48. Qxf7+ Kg4 49. Ne3+ Kxg3 (49... Kf3
$5) 50. Qg6+ Kxf4 51. Nxg2+ Kxe5 52. Qg5+ Kd6 {White could play on, but
probably not happy how it's gone and weary (not to mention likely time trouble)
, they agreed.} 1/2-1/2

[Event "Mechanics' Bedjanian TNM; G/2 d/5"]
[Site "San Francisco"]
[Date "2018.10.30"]
[Round "2.4"]
[White "Mont-Reynaud, Jordy"]
[Black "Drane, Robert"]
[Result "1-0"]
[WhiteElo "2246"]
[BlackElo "1800"]
[PlyCount "55"]
[EventDate "2018.??.??"]
[Source "ChessBase"]
[SourceDate "2007.09.04"]

1. d4 f5 2. c4 Nf6 3. Nc3 e6 4. d5 e5 5. e4 d6 6. f4 fxe4 7. fxe5 dxe5 8. Nge2
Bf5 9. Ng3 Bg6 10. h4 h6 11. Be3 a5 12. Be2 Bb4 13. Qc2 Nbd7 14. O-O Bc5 15.
Qd2 Qe7 16. Na4 Bb4 17. Qc2 b5 18. cxb5 Nxd5 19. Qc6 Nxe3 20. Qxa8+ Qd8 21. Qc6
Bf7 22. Rxf7 Kxf7 23. Bh5+ Kf8 24. Qxe4 Bd2 25. Qd3 Bb4 26. Qxe3 Qxh4 27. Qf3+
Nf6 28. Qa8+ 1-0

[Event "Mechanics' Bedjanian TNM; G/2 d/5"]
[Site "San Francisco"]
[Date "2018.12.18"]
[Round "9.5"]
[White "Mont-Reynaud, Jordy"]
[Black "Kuczek, Kevin W"]
[Result "1-0"]
[WhiteElo "2246"]
[BlackElo "1980"]
[PlyCount "61"]
[EventDate "2018.??.??"]
[Source "ChessBase"]
[SourceDate "2007.09.04"]

1. d4 e6 2. c4 b6 3. e4 Bb7 4. d5 e5 5. a3 a5 6. b3 Bc5 7. Bb2 Qh4 8. Qe2 Nf6
9. Nd2 Ng4 10. Nh3 O-O 11. g3 Qh5 12. O-O-O f5 13. f4 d6 14. Ng5 Qe8 {[#]} 15.
Bh3 $1 Nf2 16. Bxf5 Rxf5 17. exf5 Nxh1 18. Rxh1 Nd7 19. Ne6 Rc8 20. Nf3 c6 21.
fxe5 cxd5 {[#]} 22. Nxg7 $1 Kxg7 23. e6+ Nf6 24. g4 {Lava pawns!} d4 25. g5 Ng4
26. f6+ Nxf6 27. gxf6+ Kxf6 28. Rf1 Bxf3 29. Rxf3+ Kg7 30. Rf7+ Kh8 31. Qe4 1-0

[Event "Mechanics' Bedjanian TNM; G/2 d/5"]
[Site "San Francisco"]
[Date "2018.12.11"]
[Round "8.25"]
[White "Morgan, Jerry"]
[Black "Babayan, Gagik"]
[Result "0-1"]
[WhiteElo "1481"]
[BlackElo "1833"]
[PlyCount "74"]
[EventDate "2018.??.??"]
[Source "ChessBase"]
[SourceDate "2007.09.04"]

1. f4 d5 2. Nf3 Nf6 3. e3 c5 4. b3 Bg4 5. Bb5+ Nc6 6. O-O e6 7. Bb2 Be7 8. Qe1
Bxf3 9. Rxf3 Qd7 10. Rg3 Rg8 11. d3 O-O-O 12. Nd2 a6 13. Bxc6 Qxc6 14. Nf3 Bd6
15. Be5 (15. Rxg7 d4 $1) 15... h6 16. Qc3 Bxe5 17. Nxe5 Qc7 18. b4 cxb4 19.
Qxc7+ Kxc7 20. Nxf7 Rd7 21. Nxh6 $4 gxh6 22. Rxg8 Nxg8 23. a3 bxa3 24. Rxa3 Rd6
25. Kf2 b5 26. g4 Kb6 27. g5 hxg5 28. fxg5 b4 29. Rb3 a5 30. h4 Rc6 31. Rb2 e5
32. h5 Kb5 33. h6 Nxh6 34. gxh6 Rxh6 35. Kg2 a4 36. c3 b3 37. Kf3 Rc6 0-1